|
|
|
|
| LEADER |
01912nam a2200481 i 4500 |
| 001 |
001577595 |
| 003 |
CZ BrMZK |
| 005 |
20170609105035.0 |
| 007 |
ta |
| 008 |
170522s2012 ru af e d 000 0 ruso |
| 020 |
|
|
|a 978-5-459-00496-0
|q (vázáno)
|
| 040 |
|
|
|a BOA001
|b cze
|e rda
|
| 041 |
0 |
|
|a rus
|a eng
|
| 043 |
|
|
|a n-us---
|
| 044 |
|
|
|a ru
|a bw
|a un
|
| 072 |
|
7 |
|a 811.111
|x Angličtina
|2 Konspekt
|9 11
|
| 080 |
|
|
|a 811.111
|2 MRF
|
| 080 |
|
|
|a 81'276
|2 MRF
|
| 080 |
|
|
|a 81'276.45
|2 MRF
|
| 080 |
|
|
|a (73)
|2 MRF
|
| 080 |
|
|
|a (038.072)81
|2 MRF
|
| 100 |
1 |
|
|a Moskovcev, Nikolaj G.
|7 mzk2017955228
|4 aut
|
| 245 |
1 |
0 |
|a Vašu mat', ser! :
|b illjustrirovannyj slovar'-putevoditel' po amerikanskomu slengu /
|c Nikolaj Moskovcev, Sergej Ševčenko
|
| 250 |
|
|
|a 3-je izdanije
|
| 264 |
|
1 |
|a Moskva ;
|a Sankt-Peterburg ;
|a Nižnyj Novgorod ;
|a Voronež ;
|a Rostov-na-Donu ;
|a Jekaterinburg ;
|a Samara ;
|a Novosibirsk ;
|a Kijev ;
|a Char'kov ;
|a Minsk :
|b Piter,
|c 2012
|
| 300 |
|
|
|a 376 stran, 32 nečíslovaných obrazových stran :
|b ilustrace (převážně barevné) ;
|c 21 cm +
|e elektronnyj slovar' (1 CD-ROM)
|
| 336 |
|
|
|a text
|b txt
|2 rdacontent
|
| 337 |
|
|
|a bez média
|b n
|2 rdamedia
|
| 337 |
|
|
|a počítač
|b c
|2 rdamedia
|
| 338 |
|
|
|a svazek
|b nc
|2 rdacarrier
|
| 338 |
|
|
|a počítačový disk
|b cd
|2 rdacarrier
|
| 347 |
|
|
|a program
|2 rda
|
| 500 |
|
|
|a Obálkový podnázev: illjustrirovannyj slovar' amerikanskogo slenga bez kupjur
|
| 650 |
0 |
7 |
|a angličtina
|7 ph114056
|z Spojené státy americké
|2 czenas
|
| 650 |
0 |
7 |
|a slang
|7 ph138993
|2 czenas
|
| 650 |
0 |
7 |
|a argot
|7 ph138994
|2 czenas
|
| 653 |
0 |
|
|a americká angličtina
|
| 655 |
|
7 |
|a výkladové slovníky
|7 fd133855
|2 czenas
|
| 700 |
1 |
|
|a Ševčenko, Sergej Markovič
|7 mzk2017955234
|4 aut
|
| 910 |
|
|
|a BOA001
|b 2-1388.636
|
| 990 |
|
|
|a BK
|
| 991 |
|
|
|b 201706
|c NOV
|
| 996 |
7 |
|
|b 2610707919
|c 2-1388.636
|l MZK
|r Sklad / do 1 hodiny
|n 0
|p dar
|w 001613459
|u 000010
|a 1
|e BOA001
|j MZK50
|s A
|